000 00372nam a2200157Ia 4500
003 Ost
005 20260225132543.0
008 260225s9999||||xx |||||||||||||| ||und||
040 _cfsic
041 _afre
082 _a440
100 _aJean claude passeron
_eAuteur
245 0 _aImperialisme et classes sociales /
245 0 _cJean claude passeron
942 _cكتاب
999 _c33647
_d33647